Historia de la educación / (Registro nro. 196036)

Detalles MARC
000 -LEADER
campo de control de longitud fija 01640nam a2200397 i 4500
001 - NÚMERO DE CONTROL
campo de control 196036
003 - IDENTIFICADOR DE NÚMERO DE CONTROL
campo de control ES-MaACL
005 - FECHA Y HORA DE LA ÚLTIMA TRANSACCIÓN
campo de control 20250828040954.0
008 - DATOS DE LONGITUD FIJA--INFORMACIÓN GENERAL
campo de control de longitud fija 240810s2018 sp a | |||| 000 0 spa
015 ## - NÚMERO DE BIBLIOGRAFÍA NACIONAL
Número de bibliografía nacional MON18
017 ## - NÚMERO DE COPYRIGHT O DE DEPÓSITO LEGAL
Número de copyright o de depósito legal M 32201-2018
Agencia que asigna Oficina Depósito Legal Madrid
020 ## - NÚMERO INTERNACIONAL ESTÁNDAR DEL LIBRO
Número Internacional Estándar del Libro 9788491488330
035 ## - NÚMERO DE CONTROL DEL SISTEMA
Número de control de sistema (OCoLC)1089237731
035 ## - NÚMERO DE CONTROL DEL SISTEMA
Número de control de sistema (SpMaBN)a6403605
035 ## - NÚMERO DE CONTROL DEL SISTEMA
Número de control de sistema 991018246009708606
040 ## - FUENTE DE CATALOGACIÓN
Centro catalogador/agencia de origen SpMaBN
Lengua de catalogación spa
Centro/agencia transcriptor SpMaBN
Normas de descripción rda
080 ## - NÚMERO DE LA CLASIFICACIÓN DECIMAL UNIVERSAL
Número de la Clasificación Decimal Universal 37(091)
100 0# - ENTRADA PRINCIPAL--NOMBRE DE PERSONA
Nombre de persona Negrín Fajardo, Olegario
9 (RLIN) 85310
Término indicativo de función/relación Autor
240 10 - TÍTULO UNIFORME
Título uniforme Historia de la educación
245 10 - MENCIÓN DEL TÍTULO
Título Historia de la educación /
Mención de responsabilidad, etc. Olegario Negrín-Fajardo, catedrático de Historia de la educación, Universidad Nacional de Educación a Distancia, Javier Vergara-Ciordia, catedrático de Historia de la educación, Universidad Nacional de Educación a Distancia.
264 #1 - PRODUCCIÓN, PUBLICACIÓN, DISTRIBUCIÓN, FABRICACIÓN Y COPYRIGHT
Producción, publicación, distribución, fabricación y copyright Madrid :
Nombre del de productor, editor, distribuidor, fabricante Dykinson S.L.,
Fecha de producción, publicación, distribución, fabricación o copyright [2018].
300 ## - DESCRIPCIÓN FÍSICA
Extensión 386 páginas :
Otras características físicas ilustraciones (blanco y negro) ;
Dimensiones 24 cm.
336 ## - TIPO DE CONTENIDO
Término de tipo de contenido Texto
Fuente rdacontent
337 ## - TIPO DE MEDIO
Nombre/término del tipo de medio sin mediación
Fuente rdamedia
338 ## - TIPO DE SOPORTE
Nombre/término del tipo de soporte volumen
Fuente rdacarrier
500 ## - NOTA GENERAL
Nota general En portada: UNED
504 ## - NOTA DE BIBLIOGRAFÍA, ETC.
Nota de bibliografía, etc. Incluye referencias bibliográficas
650 #7 - PUNTO DE ACCESO ADICIONAL DE MATERIA--TÉRMINO DE MATERIA
Término de materia o nombre geográfico como elemento de entrada Educación-
Subdivisión de forma Historia
Fuente del encabezamiento o término
9 (RLIN) 143620
700 1# - ENTRADA AGREGADA--NOMBRE PERSONAL
Nombre de persona Vergara Ciordia, Javier
9 (RLIN) 114085
Término indicativo de función/relación Autor
852 ## - LOCALIZACIÓN
Ubicación ES-MaACL
Sublocalización o colección R.153605
Ubicación en estantería Depósito J
Número de control de estantería N-9163
Donativo/Legado Donación: Olegario Negrín-Fajardo
Encuadernación Encuadernación rústica con solapas
itemnumber 205060
903 ## - NOMBRE PERSONAL DE DONANTE
9 85310
a Negrín Fajardo, Olegario
e Donante
942 ## - ELEMENTOS DE ENTRADA SECUNDARIOS (KOHA)
Tipo de ítem Koha Libro impreso
Suprimir en OPAC No
Existencias
Estatus retirado Estado de pérdida Fuente del sistema de clasificación o colocación Estado de daño No para préstamo Biblioteca de origen Biblioteca actual Ubicación en estantería Fecha de adquisición Fuente de adquisición Total de préstamos Signatura topográfica completa Código de barras Visto por última vez Precio de reemplazo Tipo de ítem Koha
    Clasificación decimal universal     Biblioteca del Ateneo de Madrid Biblioteca del Ateneo de Madrid Depósito J 25/04/2025 Donación   N-9163 101229904 25/04/2025 25/04/2025 Libro impreso